| 000 | 00979nam a2200301Ia 4500 | ||
|---|---|---|---|
| 005 | 20220317001823.0 | ||
| 008 | 170410s2011 a g 000 0 s | ||
| 020 | _a9789500307802 | ||
| 041 | _aspa | ||
| 100 | 1 |
_aSartre, Jean Paul _d1905-1980 |
|
| 245 | 1 | 4 |
_aLas manos sucias _cJean-Paul Sartre ; traducción de Aurora Bernárdez |
| 250 | _a1a. edición, 1a reimpresión | ||
| 300 |
_a231 páginas _c18 cm |
||
| 490 | _aClásicos Losada : teatro | ||
| 534 | _tLes mains sales | ||
| 650 | 1 | 4 |
_2LEMB _aTeatro frances _ySiglo XX |
| 650 | 1 | 4 |
_2LEMB _aLiteratura francesa _ySiglo XX |
| 650 | 1 | 4 |
_2LEMB _aMuerte en la literatura |
| 650 | 1 | 4 |
_2LEMB _aDrama en la literatura |
| 700 | 1 |
_aBernárdez, Aurora _etraductora _911303 |
|
| 942 |
_2loc _cBKLIT |
||
| 264 |
_aBuenos Aires _bLosada _c2011 |
||
| 336 |
_atexto _btxt _2rdacontent |
||
| 337 |
_asin mediación _bn _2rdamedia |
||
| 338 |
_avolumen _bnc _2rdacarrier |
||
| 040 |
_aCO-BoRNBP _bspa _erda _cCO-BoRNBP |
||
| 084 | _aT SAR5 | ||
| 999 |
_c8207 _d8207 |
||